000 00770nam a2200229Ia 4500
001 15799
003 GE_BSU
008 181216s||||||||xx |||||||||||||| ||und||
040 _cGE_BSU
080 _a821.353.1-32
100 _aხორგუაშვილი, გიორგი
245 _aქვრივის ღიმილი
245 _bმოთხრობები
245 _cრედ.ს.დემურხანაშვილი. მხატვ.გ.გორდელაძე
260 _aთბილისი
260 _bმერანი
260 _c1971
300 _a124გვ. ; 17სმ. 1ფ.პორტრ
653 _aმოთხრობები
653 _aქვრივის ღიმილი
942 _cBK
999 _c48896
_d48896